| 000 | 00951nam a2200253 a 4500 | ||
|---|---|---|---|
| 008 | 120416s1984 ||||||||||||||||| || u | ||
| 020 | _a0710807457 | ||
| 050 | _aHD 75 Col | ||
| 100 | _aCole, Sam | ||
| 245 | 1 | 0 | _aWorlds apart |
| 246 | _atechnology and north-south relations in the global economy | ||
| 260 |
_aBrighton _bWheatsheaf Books Rowman & Allanheld _c1984 |
||
| 300 | _axviii, 283p : ill. | ||
| 350 | _a0.00 | ||
| 500 | _a'UNITAR.' -Bibliography: p. 267-277. | ||
| 650 | 0 | _aECONOMIC DEVELOPMENT--AFRICA, SUB-SAHARAN | |
| 650 | 0 | _aMANAGEMENT | |
| 650 | _aINCOME DISTRIBUTION | ||
| 650 | 0 | _aINTERNATIONAL ECONOMIC RELATIONS | |
| 650 | 0 | _aECONOMIC FORECASTING--DEVELOPING COUNTRIES | |
| 700 | _aMiles, Ian | ||
| 710 | _aUnited Nations Institute for Training and Research | ||
| 995 |
_D0.00 _FCBU-MAIN LIBRARY (Kitwe) _H1 _I40.00 _M1 _UAVAILABLE _ZAnnex Low-Usage Collection |
||
| 999 |
_c62197 _d62197 |
||